Kraje które mają największy produkt krajowy brutto (w mld USD) - Statystyki

Ogólne statystyki
  • Ten quiz został rozwiązany 29 razy
  • Średni wynik to 15 z 16
Statystyki odpowiedzi
Liczba Odpowiedź % Poprawnych
1669 Brazylia
100%
14 880 Chiny
100%
1296 Hiszpania
100%
5079 Japonia
100%
21 267 Stany Zjednoczone
100%
2668 Wielka Brytania
100%
1923 Włochy
100%
2652 Indie
96%
1654 Kanada
96%
1707 Korea Południowa
96%
3951 Niemcy
96%
1566 Rosja
96%
2661 Francja
91%
1093 Meksyk
91%
1379 Australia
87%
1060 Indonezja
87%
Nie znaleziono quizów pasujących do podanych kryteriów
Rozkład punktacji
Procent ludzi z każdym wynikiem
Percentyl według liczby udzielonych odpowiedzi
Twoja historia wyników
Nie rozwiązałeś tego quizu